Normal view
MARC view
Entry Personal Name
001 - CONTROL NUMBER
- control field: 10734
003 - CONTROL NUMBER IDENTIFIER
- control field: BD-DhEWU
005 - DATE AND TIME OF LATEST TRANSACTION
- control field: 20140601162018.0
008 - FIXED-LENGTH DATA ELEMENTS
- fixed length control field: 140601|| aca||aabn | a|a d
040 ## - CATALOGING SOURCE
- Original cataloging agency: BD-DhEWU
- Transcribing agency: BD-DhEWU
100 ## - HEADING--PERSONAL NAME
- Personal name: Leong, G. Keong.
670 ## - SOURCE DATA FOUND
- Source citation: Work cat.: (BD-DhEWU)5825: Wisner, Joel D. 10731, Principles of supply chain management :, c2005.